Tyne And Wear Metro (with map) Quiz Stats

 Plays Quiz not verified by Sporcle

Score 0/60 Timer 10:00
1 Play Today
% Correct
Airport
95.3%
Monument
95%
St. James
94.4%
South Shields
93.8%
Gateshead
93.2%
Sunderland
92.7%
Central Station
92%
Jesmond
91.5%
North Shields
91.4%
Haymarket
90.2%
Tynemouth
88.2%
Whitley Bay
88.1%
Gateshead Stadium
87.6%
Stadium of Light
86.6%
Byker
86.5%
West Jesmond
86.2%
Pelaw
83.3%
Manors
83%
South Gosforth
82.8%
South Hylton
82%
Cullercoats
81.3%
Jarrow
79.5%
Wallsend
79.2%
University
76.6%
Longbenton
76.6%
Ilford Road
76.4%
Felling
75.7%
Heworth
75.6%
Hebburn
75.3%
Kingston Park
75.1%
% Correct
Four Lane Ends
74.6%
Monkseaton
74.4%
Regent Centre
73.1%
Benton
73%
Chillingham Road
72.4%
St. Peter's
69.8%
Callerton Parkway
68.2%
Walkergate
68%
West Monkseaton
67.2%
East Boldon
66.7%
Bank Foot
66.4%
Brockley Whins
63.6%
Tyne Dock
62.9%
Fawdon
62.5%
Chichester
61.8%
Seaburn
60.9%
Northumberland Park
60.3%
Percy Main
60.1%
Pallion
59.9%
Meadow Well
59.5%
Bede
58.5%
Park Lane
57.3%
Shiremoor
57.2%
Fellgate
51.9%
Palmersville
51.9%
Howdon
51.4%
Simonside
51.3%
Hadrian Road
51.3%
Wansbeck Road
50.7%
Millfield
48.9%

You're not logged in!

Compare scores with friends on all Sporcle quizzes.
OR
Log In

Show Comments

Extras

Top Quizzes Today


Score Distribution

Your Account Isn't Verified!

In order to create a playlist on Sporcle, you need to verify the email address you used during registration. Go to your Sporcle Settings to finish the process.

Report this User

Report this user for behavior that violates our Community Guidelines.

Details: